Algebra /

Guardado en:
Autor Principal: Rees, Paul K.
Formato: Libro
Publicado: Buenos Aires : Reverte, 1965
Materias:
Etiquetas: Agregar Etiqueta
Sin Etiquetas, Sea el primero en etiquetar este registro!
LEADER 00593nam a22002175a 4500
001 CEM.cems005329
005 20060220000000.0
008 130507s1965##################000#0#####d
003 CEMS
082 0 4 |a 512 
100 1 |a Rees, Paul K. 
245 1 0 |a Algebra / 
260 |a Buenos Aires :  |b Reverte,  |c 1965 
300 |a 476 p. 
505 0 |a combinaciónes; Probabilidades; Determinantes; Fracciónes parciales 
653 |a Algebra 
653 |a Combinaciones 
653 |a Determinantes 
653 |a Ecuaciones 
653 |a Logaritmos 
859 |a CEMS  |b BIB. CEMS - 11 de abril  |h 512  |i R259  |p 5909.77  |t Ej.1